Crabs
| Main Author: | |
|---|---|
| Format: | Book |
| Published: |
Oxford :
Heinemann ,
1991
|
| Series: | My world
|
| Subjects: |
MARC
| LEADER | 00000cam a2200000 7i4500 | ||
|---|---|---|---|
| 001 | 0000002586 | ||
| 002 | 000002813 | ||
| 005 | 20051010.0 | ||
| 020 | |a 0431003157 | ||
| 090 | 0 | 0 | |a 030 |b WOR |
| 100 | 1 | |a Butterworth, Christine | |
| 245 | 1 | 0 | |a Crabs |c Christine Butterworth and Donna Bailey |
| 260 | |a Oxford : |b Heinemann , |c 1991 | ||
| 300 | |a 32 p. : |b ill. ; |c 21 cm. | ||
| 490 | 0 | |a My world | |
| 650 | 0 | 0 | |a Encyclopedias and dictionaries |x Juvenile literature |
| 999 | |a 036280 |b BUKU |c JUNIOR BOOKS |e PERPUSTAKAAN KOMUNITI CAW KOTA DAMANSARA | ||